Manual on installation operation and maintenance of agrometeorological observations (Record no. 62504)

MARC details
000 -LEADER
fixed length control field 00502nam a2200157Ia 4500
100 ## - MAIN ENTRY--AUTHOR NAME
Personal name Saseendran S A
245 #0 - TITLE STATEMENT
Title Manual on installation operation and maintenance of agrometeorological observations
260 ## - PUBLICATION, DISTRIBUTION, ETC. (IMPRINT)
Name of publisher Rubber Research Institute of India, North Eastern Research Complex, Guwahati
Year of publication ...
700 ## - ADDED ENTRY--PERSONAL NAME
Personal name Krishnakumar A K
700 ## - ADDED ENTRY--PERSONAL NAME
Personal name Potty S N
700 ## - ADDED ENTRY--PERSONAL NAME
Personal name Sethuraj M R
700 ## - ADDED ENTRY--PERSONAL NAME
Personal name Sinha R R
700 ## - ADDED ENTRY--PERSONAL NAME
Personal name Vijayakumar K R
942 ## - ADDED ENTRY ELEMENTS (KOHA)
Koha item type Journals
Holdings
Withdrawn status Lost status Damaged status Not for loan Home library Current library Date acquired Koha item type
      Journals RRII Library RRII Library 17/12/2021 Journals